00520pam a2200193 i 4500001000700000003000400007005001700011008004100028010001700069020001500086040001800101050003200119082002000151100002000171245004300191260004400234300002100278440002700299847370OSt20180116183026.0780914s1979 nyu 000 1 eng  a 78011395  a0671240587 aDLCcDLCdDLC00aPZ4.S84554bByaPS3569.T45300a813.54 STE 19791 aStevens, Shane.10aBy Reason of Insanity cShane Stevens. aNew York :bSimon and Schuster,cc1979. a561 p. ;c24 cm. aBy Reason of Insanity